000 00448 a2200145 4500
999 _c4059
_d4059
020 _a1555429343
050 _aLB 2300 WEI 1987
100 _aWeimer, Maryellen Glason
_eEditor
245 _aTeaching large classes well /
_cMaryellen Glason Weimer
264 _aLondon:
_bJossey-Bass Inc. Publishers,
_c1987
300 _a108p. :
_bill.
500 _aIncludes index
650 _aClassroom management
_xTeaching methods
942 _2lcc
_cBK
_h2300
_iWEI
_kLB